000 00618nam a2200205 a 4500
005 20240228064234.0
008 160502s2008 mx r 000 0 spa d
020 _a9788484124801
035 _aUPN01000209984
049 _aI
050 4 _aQB983
_bS3.8
100 1 _aSabaté Rodié, Teresa
245 1 3 _aEl universo /
_cTeresa Sabaté ; il. Carme Solà.
260 _aBarcelona, Esp. :
_bSalvatella,
_c2008.
300 _a31 p. :
_bil. col.
440 0 _aQueremos saber.
_pLa tierra ;
_v1
650 4 _aCOSMOLOGIA -
_vLITERATURA JUVENIL
_917401
650 4 _aLibros y lectura para niños
_92290
905 _aInfantil
999 _c182085
_d182085